Manual de técnica policial /

Los autores exponen un total de veintinueve temáticas con ilustraciones, de las técnicas vigentes utilizadas en criminalística, para la investigación del delito.

Uloženo v:
Podrobná bibliografie
Hlavní autor: Antón Barberá, Francisco (autor)
Další autoři: Luis y Turégano, Juan Vicente de (autor) (autor)
Médium: Kniha
Jazyk:španělština
Vydáno: Valencia, España : Tirant Lo Blanch, 1998, c1998
Vydání:2a edición
Témata:
Tagy: Přidat tag
Žádné tagy, Buďte první, kdo vytvoří štítek k tomuto záznamu!

MARC

LEADER 00000nam^a2200000^a^4500
001 000157670
005 20250521000000.0
009 20260310100546.232
020 |a 84-8002-579-4 
037 |a Acervo ITESO - Biblioteca 
041 |a ESP 
082 |a 363. 25  |b ANT 
100 |a Antón Barberá, Francisco  |e (autor) 
245 1 0 |a Manual de técnica policial /  |c F. Antón Barberá, J.V. de Luis y Turégano. 
250 |a 2a edición 
264 4 |a Valencia, España :  |b Tirant Lo Blanch,  |c 1998, c1998 
300 |a 246 p. 
336 |a texto  |b txt  |2 rdacontenido 
337 |a sin mediación  |b n  |2 rdamedio 
338 |a volumen  |b nc  |2 rdasoporte 
520 |a Los autores exponen un total de veintinueve temáticas con ilustraciones, de las técnicas vigentes utilizadas en criminalística, para la investigación del delito. 
649 |a XX 
650 |a Huellas Digitales 
650 |a Armas de Fuego 
650 |a Balística 
650 |a Grafología 
650 |a Drogadicción 
650 |a Pruebas de ADN 
650 |a Química Forense 
650 |a Medicina Legal 
650 |a Investigación del Delito 
650 |a Delitos 
650 |a Criminalística 
650 |a Criminología 
700 |a Luis y Turégano, Juan Vicente de  |e (autor) 
910 |a Fondo General 
920 |a Impresos - Libros 
930 |a Colección General 
905 |a 101 
901 |a 0500087461  |b IT1  |c ACC  |u 20250521 
902 |a https://opac.biblio.iteso.mx/vufind/Record/000157670